Logo Biblioteca

Diseño argentino. (Registro nro. 710)

Detalles MARC
000 -LEADER
fixed length control field 01771nam a22002777a 4500
003 - CONTROL NUMBER IDENTIFIER
control field AR-RoUNCS
005 - DATE AND TIME OF LATEST TRANSACTION
control field 20251110104259.0
008 - FIXED-LENGTH DATA ELEMENTS--GENERAL INFORMATION
fixed length control field 251110t2007 ag aod||r|||| 00| 0 spa d
020 ## - INTERNATIONAL STANDARD BOOK NUMBER
International Standard Book Number 978-987-1274-07-9
040 ## - CATALOGING SOURCE
Original cataloging agency AR-RoUNCS
Transcribing agency AR-RoUNCS
080 ## - UNIVERSAL DECIMAL CLASSIFICATION NUMBER
Authority record control number or standard number 766(82)
245 00 - TITLE STATEMENT
Title Diseño argentino.
Number of part/section of a work # 1 :
Remainder of title creadores de influencias = Argentine design : influencing creators /
Statement of responsibility, etc. [idea y edición, Mónica Aguerrondo y Lucrecia Gordillo ; compiladora, Eloise Mitsuko Alemany ; redacción, Luisa Miguens ; traducción, Kavango Studio].
246 13 - VARYING FORM OF TITLE
Title proper/short title Argentine design :
Remainder of title influencing creators.
260 ## - PUBLICATION, DISTRIBUTION, ETC.
Place of publication, distribution, etc. Buenos Aires :
Name of publisher, distributor, etc. Papers Editores,
Date of publication, distribution, etc. 2007.
300 ## - PHYSICAL DESCRIPTION
Extent 165 p. :
Other physical details il. col., fot. col. ;
Dimensions 21 cm.
500 ## - GENERAL NOTE
General note Incluye un directorio de diseñadores y una lista de ubicaciones recomendadas donde se pueden ver los diseños.
520 8# - SUMMARY, ETC.
Summary, etc. Esta edición es una guía referencial de nuevos proyectos argentinos y diseños influyentes en accesorios, joyería, objetos, juguetes, indumentaria y diseño gráfico, presentando una selección de creaciones de Román Vitali, Pablo Ramírez, Rita Bamidele Hampton, Alejandro Sarmiento, Mariana Cortés, Leo Battistelli, Javier y Alejo Estebecorena, Guillermina Baiguera, Julián Gatto, DOMA, Araceli Pourcel, Francisca Kweitel, Marina Bandin, Gonzalo Arbutti y Marcelo Federico, Valeria Pesqueira, Alejandro Ros, Marina Molinelli Wells, Cecilia Gadea y Lola Goldstein. Incluye un directorio de participantes.
546 ## - LANGUAGE NOTE
Language note Español e inglés.
650 #4 - SUBJECT ADDED ENTRY--TOPICAL TERM
Topical term or geographic name entry element DISEÑO
Geographic subdivision ARGENTINA
650 #4 - SUBJECT ADDED ENTRY--TOPICAL TERM
Topical term or geographic name entry element ARTE DECORATIVO
Geographic subdivision ARGENTINO
653 ## - INDEX TERM--UNCONTROLLED
Uncontrolled term DISEÑADORES ARGENTINOS
700 1# - ADDED ENTRY--PERSONAL NAME
Personal name Aguerrondo, Mónica.
Relator term editora
700 1# - ADDED ENTRY--PERSONAL NAME
Personal name Gordillo, Lucrecia.
Relator term editora
700 1# - ADDED ENTRY--PERSONAL NAME
Personal name Alemany, Eloise Mitsuko.
Relator term compiladora
942 ## - ADDED ENTRY ELEMENTS (KOHA)
Source of classification or shelving scheme Universal Decimal Classification
Koha item type Obra General
Suppress in OPAC No
Existencias
Withdrawn status Lost status Source of classification or shelving scheme Damaged status Not for loan Collection Home library Current library Date acquired Total checkouts Full call number Barcode Date last seen Price effective from Koha item type
    Universal Decimal Classification     Colección General Biblioteca Escuela de Ciencias Sociales Biblioteca Escuela de Ciencias Sociales 10/11/2025   766(82) D611 001069 10/11/2025 10/11/2025 Obra General
Biblioteca de la Escuela Preuniversitaria en Ciencias Sociales y Humanísticas.
Riobamba 250 bis.
CP 2000 - Rosario - Santa Fe
E-Mail: biblioteca@esociales.unr.edu.ar